00890nam a2200229Ia 4500003000400000005001700004008004000021020001800061040000700079041000800086082001600094100002600110245005100136260004500187300000900232690003300241906001100274942001200285999001900297952017200316952017200488OSt20251205151223.0210210b2015 xxu||||| |||| 00| 0 eng d a9788129137425 cAL aeng a820.43 BHAM aChetan Bhagat9247930 aMaking India awesomeb: new essays and columns aNew DelhibRupa Publications Indiac2015 a177p aIndian English Prose9247931 a069819 2ddccBK c119373d119373 00102ddc40708ENGaALbALcEnglish Literatured2021-02-17eBiblios Book Point, Surathkal-575014g176.00l0o820.43 BHAMp069820r2021-02-17 00:00:00w2021-02-17yBK 00102ddc40708ENGaALbALcEnglish Literatured2021-02-17eBiblios Book Point, Surathkal-575014g176.00l0o820.43 BHAMp069819r2021-02-17 00:00:00w2021-02-17yBK